| 000 | 00744nam a22002777a 4500 | ||
|---|---|---|---|
| 003 | CHAP | ||
| 005 | 20220817041802.0 | ||
| 008 | 971013s r 00010 d | ||
| 010 | _a24433 | ||
| 011 | _a25405 | ||
| 035 | _a29505 | ||
| 040 | _cCHAP | ||
| 090 | _aFolleto 8449 | ||
| 110 |
_aInstitut Technique de la Vigne et du Vin. Paris _959015 |
||
| 245 | _aPlantation de la vigne | ||
| 260 |
_aParis : _bLe Institut, _c(19 ?) |
||
| 300 |
_a2 h. _b; 10 fotografías |
||
| 590 |
_aBATCH-UPD _b10 _c20130110 |
||
| 590 |
_aCONVERSION _b10 _c20130109 |
||
| 650 | 1 | 4 |
_aUva. _9117117 |
| 650 | 1 | 4 |
_aVid. _9119097 |
| 650 | 1 | 4 | _aViticultura. |
| 901 | _aBK | ||
| 942 |
_cFOLL _2local |
||
| 949 |
_aFolleto 8449 _bBC _cFOLL _d-68225 _eFOLL _i29505 _si |
||
| 999 |
_c24433 _d24433 |
||